Making the most of family worship (Record no. 4933)
[ view plain ]
| 000 -LEADER | |
|---|---|
| fixed length control field | 00786cam a22002531 4500 |
| 001 - CONTROL NUMBER | |
| control field | 2175300 |
| 003 - CONTROL NUMBER IDENTIFIER | |
| control field | GBCCL |
| 005 - DATE AND TIME OF LATEST TRANSACTION | |
| control field | 20241126110530.0 |
| 008 - FIXED-LENGTH DATA ELEMENTS--GENERAL INFORMATION | |
| fixed length control field | 700914s1968 tnu b 000 0 eng |
| 010 ## - | |
| -- | 68015851 |
| 040 ## - CATALOGING SOURCE | |
| Original cataloging agency | DLC |
| Transcribing agency | DLC |
| Modifying agency | DLC |
| 050 00 - | |
| -- | BV200 |
| -- | .E3 |
| 082 00 - DEWEY DECIMAL CLASSIFICATION NUMBER | |
| Classification number | 249 |
| Item number | EDE |
| 100 1# - MAIN ENTRY--PERSONAL NAME | |
| Personal name | Edens, David, |
| Dates associated with a name | 1926- |
| 9 (RLIN) | 8956 |
| 245 10 - TITLE STATEMENT | |
| Title | Making the most of family worship |
| Statement of responsibility, etc. | [by] David and Virginia Edens. |
| 260 ## - PUBLICATION, DISTRIBUTION, ETC. | |
| Place of publication, distribution, etc. | Nashville, |
| Name of publisher, distributor, etc. | Broadman Press |
| Date of publication, distribution, etc. | [1968] |
| 300 ## - PHYSICAL DESCRIPTION | |
| Extent | 128 p. |
| Dimensions | 20 cm. |
| 504 ## - BIBLIOGRAPHY, ETC. NOTE | |
| Bibliography, etc. note | Includes bibliographical references. |
| 650 #0 - SUBJECT ADDED ENTRY--TOPICAL TERM | |
| Topical term or geographic name entry element | Families |
| General subdivision | Religious life. |
| 9 (RLIN) | 1360 |
| 650 #0 - SUBJECT ADDED ENTRY--TOPICAL TERM | |
| Topical term or geographic name entry element | Families |
| Form subdivision | Prayers and devotions. |
| 9 (RLIN) | 6191 |
| 700 1# - ADDED ENTRY--PERSONAL NAME | |
| Personal name | Edens, Virginia, |
| Relator term | joint author. |
| 9 (RLIN) | 8957 |
| 906 ## - LOCAL DATA ELEMENT F, LDF (RLIN) | |
| a | 7 |
| b | cbc |
| c | orignew |
| d | u |
| e | ncip |
| f | 19 |
| g | y-gencatlg |
| 942 ## - ADDED ENTRY ELEMENTS (KOHA) | |
| Source of classification or shelving scheme | Dewey Decimal Classification |
| Koha item type | Books |
| Koha issues (borrowed), all copies | 12 |
| Withdrawn status | Lost status | Source of classification or shelving scheme | Damaged status | Not for loan | Home library | Current Library | Shelving location | Date acquired | Total checkouts | Full call number | Barcode | Date last seen | Date last checked out | Copy number | Price effective from | Koha item type |
|---|---|---|---|---|---|---|---|---|---|---|---|---|---|---|---|---|
| Dewey Decimal Classification | GRACE BIBLE COLLEGE | GRACE BIBLE COLLEGE | Ministry & Mission | 2018-02-15 | 6 | 249 EDE | 008564 | 2025-05-01 | 2024-09-19 | c.1 | 2018-02-15 | Books | ||||
| Dewey Decimal Classification | GRACE BIBLE COLLEGE | GRACE BIBLE COLLEGE | Ministry & Mission | 2018-02-15 | 6 | 249 EDE | 008565 | 2025-05-01 | 2024-09-20 | c.2 | 2018-02-15 | Books |